LEADER 01396cam2-22004331i-450- 001 990001629710403321 005 20141106135308.0 035 $a000162971 035 $aFED01000162971 035 $a(Aleph)000162971FED01 035 $a000162971 100 $a20030910d1912----km-y0itay50------ba 101 0 $aita 102 $aIT 105 $aaf------001yy 200 1 $aCorsi d'acqua del litorale toscano a nord del Serchio e della riviera Ligure$fMinistero di agricoltura, industria e commercio 210 $aRoma$cTip. G. Bertero$d1912 215 $aXII, 472 p.$cill.$d27 cm$e2 c. geogr. ripieg. 461 0$1001000841397$12001$aCarta idrografica d'Italia 610 0 $aToscana$aCoste 610 0 $aToscana$aIdrografia 610 0 $aLiguria$aCoste 610 0 $aLiguria$aIdrografia 610 0 $aIdrografia 610 0 $aCarte idrografiche 676 $a551.48 710 01$aItalia.$bMinistero di agricoltura, industria e commercio$0332846 801 0$aIT$bUNINA$gRICA$2UNIMARC 901 $aBK 912 $a990001629710403321 952 $aS-01b-036$bIst. 2390$fILFGE 952 $aS-01b-040$bIst. 8848$fILFGE 952 $a60 551.49 B 23$b11771/72$fFAGBC 952 $aU 6/12$bs.i.$fDINGE 959 $aFAGBC 959 $aILFGE 959 $aDINGE 996 $aCorsi d'acqua del litorale toscano a nord del Serchio e della riviera Ligure$9366996 997 $aUNINA